Poskytovanie a účtovanie ochranných pomôcok
Právne predpisy upravujúce ochranné pomôcky: zákon č. 311/2001 Z. z. Zákonník práce, zákon č. 595/2002 Z. z. o dani z príjmov, zákon č. 330/1996 Z. z. o bezpečnosti a ochrane zdravia pri práci, vyhláška MPSVR č. 377/1996 Z. z. o poskytovaní osobných ochranných pracovných prostriedkov, nariadenie vlá...
Saved in:
| Main Author: | |
|---|---|
| Format: | Book Chapter |
| Language: | Slovak |
| Subjects: | |
| Tags: |
No Tags, Be the first to tag this record!
|
MARC
| LEADER | 00000nla$a2200000$$$4500 | ||
|---|---|---|---|
| 001 | 0084724 | ||
| 005 | 20240502071947.2 | ||
| 041 | 0 | |a slo | |
| 044 | |a SK | ||
| 245 | 1 | 0 | |a Poskytovanie a účtovanie ochranných pomôcok |c Mária Vépyová |
| 520 | |a Právne predpisy upravujúce ochranné pomôcky: zákon č. 311/2001 Z. z. Zákonník práce, zákon č. 595/2002 Z. z. o dani z príjmov, zákon č. 330/1996 Z. z. o bezpečnosti a ochrane zdravia pri práci, vyhláška MPSVR č. 377/1996 Z. z. o poskytovaní osobných ochranných pracovných prostriedkov, nariadenie vlády SR č. 504/2002 Z. z. o podmienkach poskytovania osobných ochranných pracovných prostriedkov. | ||
| 610 | 2 | 0 | |a pracovisko |
| 610 | 2 | 0 | |a zamestnávatelia |
| 610 | 2 | 0 | |a hygiena |
| 610 | 2 | 0 | |a bezpečnosť práce |
| 610 | 2 | 0 | |a prostriedky pracovné ochranné |
| 100 | 1 | |a Vépyová, Mária | |